| 000 | 00651nam a2200205 i 4500 | ||
|---|---|---|---|
| 001 | 147631 | ||
| 003 | ES-MaACL | ||
| 005 | 20260612132715.0 | ||
| 007 | t| | ||
| 008 | 071004s1964 sp ||||1| spa d | ||
| 080 | _a341.176(4)(04) | ||
| 100 | 1 |
_aUscatescu, Jorge, _d1919-1995 _9112293 |
|
| 245 | 1 | 0 |
_aPrecursores de la unidad europea / _cGeorge Uscatescu. |
| 260 |
_a[s.l.], _c1964 ( _fs.i.) |
||
| 300 |
_ap. 636-640 ; _c26 cm. |
||
| 500 | _aPublicado en "Atlántida", Revista del pensamiento actual. V. II, no. 12, nov-dic. 1964. | ||
| 610 | 2 | 7 |
_aConfederación europea. _93160 |
| 852 |
_aES-MaACL _j2049-F-30 _bR.55719 |
||
| 999 |
_c147631 _d147631 |
||